000
00238nam a2200109 4500
001
3557
090
_a
3557
100
_a
20190723b u||y0fre||u0ba y50
200
_a
Lutte politique
_b
Périodique
210
_a
La Chaux de Fonds
801
_a
CH
_b
CH-002049-8
955
_r
1